A Spar Magyarország Kereskedelmi Kft működésének és franchise rendszerének elemzése

Bibliográfiai részletek
Szerző: Tóth Bernadett
További közreműködők: Németh Dr. Patrícia
Dokumentumtípus: Diplomadolgozat
Kulcsszavak:Franchise
SPAR
Kiskereskedelem
Partnerprogram
Gazdasági elemzés
Online Access:http://dolgozattar.uni-bge.hu/1857

MARC

LEADER 00000nta a2200000 i 4500
001 dolg1857
005 20150907125930.0
008 150427suuuu hu om 000 hun d
040 |a BGE Dolgozattár Repozitórium  |b hun 
041 |a hu 
100 1 |a Tóth Bernadett 
245 1 2 |a A Spar Magyarország Kereskedelmi Kft működésének és franchise rendszerének elemzése  |c Tóth Bernadett  |h [elektronikus dokumentum] 
695 |a Franchise 
695 |a SPAR 
695 |a Kiskereskedelem 
695 |a Partnerprogram 
695 |a Gazdasági elemzés 
700 1 |a Németh Dr. Patrícia  |e ths 
856 4 0 |u http://dolgozattar.uni-bge.hu/1857/1/Szakdolgozat-Franchise.pdf  |z Dokumentum-elérés